Catálogo
 En Linea
Vista normal Vista MARC

Entrada Nombre de reunión

Número de registros utilizados en: 1

001 - NÚMERO DE CONTROL

  • campo de control: 55477

003 - IDENTIFICADOR DEL NÚMERO DE CONTROL

  • campo de control: OSt

005 - FECHA Y HORA DE LA ÚLTIMA TRANSACCIÓN

  • campo de control: 20200615034708.0

008 - DATOS DE LONGITUD FIJA

  • campo de control de longitud fija: 200615|| aca||aabn | a|a d

040 ## - FUENTE DE LA CATALOGACIÓN

  • Centro catalogador/agencia de origen: OSt
  • Centro/agencia transcriptor: OSt

111 ## - ENCABEZAMIENTO--NOMBRE DE CONGRESO/REUNIÓN

  • Nombre de congreso/reunión o jurisdicción como elemento de entrada: Conferencia dictada por el señor rector de la Universidad Autónoma de Santo Domingo
  • Fecha del congreso/reunión: (1984 dic. 18 :
  • Sede del congreso/Lugar de la reunión: Santo Domingo)

670 ## - FUENTE DE DATOS ENCONTRADOS

  • Cita de la fuente: Work cat.: (OSt)27998: Conferencia dictada por el señor rector de la Universidad Autónoma de Santo Domingo (1984 dic. 18 : Santo Domingo), Conferencia dictada por el señor rector de la Universidad Autónoma de Santo Domingo, doctor Fernando Sánchez Martínez, en la ciudad de la Vega a profesionales, amigos egresados de la UASD., 1984.

Con tecnología Koha